[Event "Sonderjysk EMT Mesterklassen 2012"]
[Site "Sonderborg"]
[Date "2012.01.17"]
[Round "1"]
[White "Andersen, Helge"]
[Black "Czepluch, Kim"]
[Result "1-0"]
[WhiteElo "2032"]
[BlackElo "1866"]
[PlyCount "51"]
[EventDate "2012.??.??"]

1. d4 Nf6 2. Nf3 g6 3. Bg5 Bg7 4. e3 d6 5. Bd3 c5 6. c3 Nbd7 7. Nbd2 b6 8. O-O
Bb7 9. e4 O-O 10. Qe2 e5 11. dxe5 Nxe5 12. Nxe5 dxe5 13. Rad1 Qc7 14. Qf3 Nh5
15. Nc4 b5 16. Ne3 c4 17. Bc2 h6 18. Bh4 Nf4 19. Nd5 Nxd5 20. exd5 f5 21. Qh3
g5 22. Bxg5 hxg5 23. Bxf5 Bc8 24. Qh7+ Kf7 25. d6 Qb6 26. Qh5+ 1-0

[Event "Sonderjysk EMT Mesterklassen 2012"]
[Site "Sonderborg"]
[Date "2012.01.17"]
[Round "1"]
[White "Clausen, Hansjorgen"]
[Black "Nording, Jens"]
[Result "1/2-1/2"]
[WhiteElo "1661"]
[BlackElo "1991"]
[PlyCount "65"]
[EventDate "2012.??.??"]

1. d4 Nf6 2. Nf3 e6 3. c4 d5 4. e3 Be7 5. Nc3 O-O 6. Be2 Nbd7 7. O-O b6 8. cxd5
exd5 9. a3 Re8 10. b4 Nf8 11. Bb2 Ng6 12. Qc2 Bg4 13. h3 Bd7 14. Bd3 Qc8 15.
Ne5 Nf8 16. Nxd7 Qxd7 17. Rac1 Ne6 18. Ne2 Bd6 19. Qc6 Qe7 20. Qc3 Ng5 21. Bb5
Red8 22. Bc6 Rab8 23. Qb3 Nge4 24. Rc2 g5 25. f3 Ng3 26. Nxg3 Bxg3 27. Qd3 Rd6
28. b5 Re6 29. Bc1 h6 30. a4 Rd8 31. Re2 Nh5 32. Rc2 Nf6 33. Re2 1/2-1/2

[Event "Sonderjysk EMT Mesterklassen 2012"]
[Site "Sonderborg"]
[Date "2012.01.17"]
[Round "1"]
[White "Fyhn, Karsten"]
[Black "Petersen, Erik Holm"]
[Result "1/2-1/2"]
[WhiteElo "1800"]
[BlackElo "1674"]
[PlyCount "73"]
[EventDate "2012.??.??"]

1. e4 e5 2. Nf3 Nc6 3. Bb5 d6 4. O-O Bd7 5. d4 exd4 6. Nxd4 Qf6 7. Nxc6 bxc6 8.
Bc4 Ne7 9. c3 Ng6 10. Be3 Ne5 11. Be2 Qg6 12. Nd2 Bh3 13. Bf3 Be7 14. Kh1 Bg4
15. Bxg4 Nxg4 16. Bf4 O-O 17. f3 Nf6 18. Nc4 Nh5 19. Be3 Qe6 20. Qd3 c5 21.
Rad1 Nf6 22. Rfe1 Rfd8 23. Qe2 Nd7 24. b3 Bf6 25. Qc2 Nb6 26. Nb2 a5 27. Nd3 a4
28. e5 axb3 29. axb3 dxe5 30. Nxc5 Qc6 31. Ne4 Nd5 32. Nxf6+ gxf6 33. c4 Nb4
34. Qc3 Na2 35. Qb2 Nb4 36. Qc3 Na2 37. Qb2 1/2-1/2

[Event "Sonderjysk EMT Mesterklassen 2012"]
[Site "Sonderborg"]
[Date "2012.01.17"]
[Round "1"]
[White "Hye, Allan"]
[Black "Bojsen, Bent"]
[Result "0-1"]
[WhiteElo "2004"]
[BlackElo "1794"]
[PlyCount "58"]
[EventDate "2012.??.??"]

1. d4 Nf6 2. c4 e5 3. dxe5 Ne4 4. Nf3 Nc6 5. a3 d6 6. exd6 Bxd6 7. g3 Nxf2 8.
Kxf2 Bxg3+ 9. hxg3 Qxd1 10. Nc3 Qd8 11. Bg5 f6 12. Rd1 Bd7 13. Bh3 Bxh3 14.
Rxd8+ Rxd8 15. Bxf6 gxf6 16. Rxh3 Nd4 17. Nd5 Nxf3 18. Kxf3 O-O 19. Nxc7 Rc8
20. Nb5 Rxc4 21. Nc3 Rd8 22. Rh5 a6 23. Ke3 b5 24. Nd5 Kg7 25. Nf4 Rd6 26. Rf5
Rc2 27. g4 Rxb2 28. Nh5+ Kf7 29. Rc5 Re6+ 0-1

[Event "Sonderjysk EMT Mesterklassen 2012"]
[Site "Sonderborg"]
[Date "2012.01.31"]
[Round "2"]
[White "Andersen, Helge"]
[Black "Clausen, Hansjorgen"]
[Result "1-0"]
[WhiteElo "2032"]
[BlackElo "1661"]
[PlyCount "107"]
[EventDate "2012.??.??"]

1. d4 d5 2. Nf3 Nf6 3. Bg5 e6 4. Nbd2 Be7 5. e3 Nbd7 6. Bd3 b6 7. Qe2 c5 8. c3
c4 9. Bc2 Bb7 10. Bxf6 Nxf6 11. Ba4+ Nd7 12. Ne5 Bc8 13. Qf3 Bf6 14. Ndxc4 O-O
15. Bxd7 Bxd7 16. Nxd7 Qxd7 17. Nd2 Qb5 18. Nb3 a5 19. Qe2 Qc6 20. O-O Be7 21.
Rfc1 a4 22. Nd2 b5 23. e4 Bg5 24. e5 Bxd2 25. Qxd2 f6 26. exf6 Rxf6 27. Re1
Raf8 28. f3 Qc4 29. Re3 Rh6 30. h3 Qc7 31. Rae1 Re8 32. Re5 Qc6 33. f4 Rf6 34.
Qe3 g6 35. g4 Kf7 36. a3 Qd7 37. Kg2 Re7 38. h4 h6 39. g5 hxg5 40. fxg5 Rf5 41.
Rxf5+ exf5 42. Qxe7+ Qxe7 43. Rxe7+ Kxe7 44. Kf3 Kd6 45. Kg3 Ke6 46. Kf4 Kd6
47. h5 gxh5 48. Kxf5 Ke7 49. g6 h4 50. Kg4 Kf6 51. Kxh4 Kxg6 52. Kg4 Kf6 53.
Kf4 Ke6 54. Kg5 1-0

[Event "Sonderjysk EMT Mesterklassen 2012"]
[Site "Sonderborg"]
[Date "2012.01.31"]
[Round "2"]
[White "Czepluch, Kim"]
[Black "Bojsen, Bent"]
[Result "1/2-1/2"]
[WhiteElo "1866"]
[BlackElo "1794"]
[PlyCount "71"]
[EventDate "2012.??.??"]

1. e4 c5 2. c4 Nc6 3. f4 e6 4. Nf3 Nge7 5. Be2 g6 6. Nc3 d5 7. e5 a6 8. O-O
dxc4 9. Ne4 Nd5 10. Bxc4 Be7 11. d4 cxd4 12. Kh1 b5 13. Bb3 Nb6 14. a4 Bb7 15.
axb5 axb5 16. Rxa8 Bxa8 17. Qd3 Nb4 18. Qxb5+ Bc6 19. Qe2 d3 20. Qe1 Nc2 21.
Bxc2 dxc2 22. Qe2 Bxe4 23. Qxe4 Qd1 24. Qe1 Qd3 25. Rf2 O-O 26. Qd2 Rd8 27.
Qxd3 Rxd3 28. Rxc2 Rd1+ 29. Ng1 Na4 30. Be3 Re1 31. Bf2 Rb1 32. Bd4 h5 33. Rc4
Nxb2 34. Rc8+ Kg7 35. Rb8 Rd1 36. Rxb2 1/2-1/2

[Event "Sonderjysk EMT Mesterklassen 2012"]
[Site "Sonderborg"]
[Date "2012.01.31"]
[Round "2"]
[White "Nording, Jens"]
[Black "Fyhn, Karsten"]
[Result "1-0"]
[WhiteElo "1991"]
[BlackElo "1800"]
[PlyCount "73"]
[EventDate "2012.??.??"]

1. d4 Nf6 2. Bg5 e6 3. e4 h6 4. Bxf6 Qxf6 5. c3 d6 6. Nd2 b6 7. Bd3 Bb7 8. Ne2
Nd7 9. O-O e5 10. Qa4 a6 11. b4 b5 12. Qb3 c5 13. bxc5 dxc5 14. d5 c4 15. Bxc4
Nc5 16. Bxb5+ axb5 17. Qxb5+ Kd8 18. c4 Qa6 19. Nc3 Bd6 20. Rfb1 Ke7 21. Nb3
Nxb3 22. Rxb3 Rhb8 23. c5 Bc8 24. Qxa6 Bxa6 25. cxd6+ Kxd6 26. Rxb8 Rxb8 27.
Rb1 Rxb1+ 28. Nxb1 Kc5 29. f3 Bd3 30. Nd2 Kb4 31. Kf2 Ka3 32. Ke3 Bb5 33. f4
exf4+ 34. Kxf4 Kxa2 35. d6 Ka3 36. Nc4+ Kb4 37. Ne5 1-0

[Event "Sonderjysk EMT Mesterklassen 2012"]
[Site "Sonderborg"]
[Date "2012.01.31"]
[Round "2"]
[White "Petersen, Erik Holm"]
[Black "Hye, Allan"]
[Result "0-1"]
[WhiteElo "1674"]
[BlackElo "2004"]
[PlyCount "90"]
[EventDate "2012.??.??"]

1. e4 c6 2. d4 d5 3. exd5 cxd5 4. Nf3 Nc6 5. c3 Qc7 6. Be3 Bg4 7. Be2 e6 8. Ng5
Bxe2 9. Qxe2 Nf6 10. Nd2 Bd6 11. h3 O-O 12. O-O Ne7 13. Ngf3 h6 14. Qd3 Rfc8
15. Rfe1 Ng6 16. Re2 a6 17. a3 b5 18. Rae1 Nh5 19. g3 a5 20. Ne5 Bxe5 21. dxe5
Nxe5 22. Qd4 Ng6 23. Qb6 Qxb6 24. Bxb6 Nf6 25. Bd4 Ne8 26. Nf3 Ra6 27. Ne5 Nxe5
28. Bxe5 f6 29. Bf4 Kf7 30. Bc1 Rac6 31. Bd2 Nc7 32. Kg2 Na6 33. f3 Nc5 34. Be3
e5 35. Rd1 Ke6 36. h4 h5 37. f4 e4 38. Bxc5 Rxc5 39. Kf2 Rb8 40. Red2 b4 41.
axb4 axb4 42. c4 dxc4 43. Rd4 c3 44. Rxe4+ Kf5 45. Re7 c2 0-1

[Event "Sonderjysk EMT Mesterklassen 2012"]
[Site "Sonderborg"]
[Date "2012.02.07"]
[Round "3"]
[White "Bojsen, Bent"]
[Black "Petersen, Erik Holm"]
[Result "1-0"]
[WhiteElo "1794"]
[BlackElo "1674"]
[PlyCount "45"]
[EventDate "2012.??.??"]

1. e4 e5 2. f4 exf4 3. Nf3 Nc6 4. d4 d6 5. Bxf4 Be7 6. Bb5 Bd7 7. O-O a6 8. Be2
Bg4 9. h3 Bh5 10. c4 Bf6 11. Be3 Nge7 12. Nc3 O-O 13. g4 Qd7 14. Nh2 Bg6 15.
Qd2 Nc8 16. Rxf6 gxf6 17. Nd5 Qe6 18. Rf1 Nb6 19. Nxf6+ Kh8 20. d5 Qe5 21. dxc6
Bxe4 22. Nh5 f6 23. Bd4 1-0

[Event "Sonderjysk EMT Mesterklassen 2012"]
[Site "Sonderborg"]
[Date "2012.02.07"]
[Round "3"]
[White "Fyhn, Karsten"]
[Black "Andersen, Helge"]
[Result "0-1"]
[WhiteElo "1800"]
[BlackElo "2032"]
[PlyCount "82"]
[EventDate "2012.??.??"]

1. e4 c5 2. Nf3 Nc6 3. d4 cxd4 4. Nxd4 e5 5. Nb5 a6 6. Nd6+ Bxd6 7. Qxd6 Qf6 8.
Qxf6 Nxf6 9. Nc3 d5 10. exd5 Nb4 11. Bd3 Nfxd5 12. Nxd5 Nxd5 13. Bd2 O-O 14.
O-O Bd7 15. Rfe1 Rfe8 16. Be4 Bc6 17. c4 Ne7 18. Bc3 Bxe4 19. Rxe4 f6 20. Rd1
Red8 21. Ree1 Nc6 22. f3 Kf7 23. Kf2 Ke6 24. Rxd8 Rxd8 25. f4 Kf5 26. fxe5 Nxe5
27. Bxe5 fxe5 28. Ke3 Rd4 29. Rf1+ Rf4 30. Rxf4+ exf4+ 31. Kf3 g5 32. b4 g4+
33. Ke2 Ke4 34. h3 h5 35. hxg4 hxg4 36. c5 Kd4 37. a3 Kc3 38. Kd1 Kb3 39. Kd2
Kxa3 40. Kc3 f3 41. gxf3 gxf3 0-1

[Event "Sonderjysk EMT Mesterklassen 2012"]
[Site "Sonderborg"]
[Date "2012.02.07"]
[Round "3"]
[White "Hye, Allan"]
[Black "Nording, Jens"]
[Result "0-1"]
[WhiteElo "2004"]
[BlackElo "1991"]
[PlyCount "102"]
[EventDate "2012.??.??"]

1. d4 Nf6 2. c4 e6 3. Nf3 d5 4. e3 Be7 5. b3 O-O 6. Bd3 b6 7. O-O Bb7 8. Bb2
Nbd7 9. Nc3 Re8 10. Rc1 Rc8 11. Ne5 dxc4 12. bxc4 Nxe5 13. dxe5 Nd7 14. Qc2 g6
15. Rcd1 Bb4 16. Ne4 Qe7 17. Nf6+ Nxf6 18. exf6 Qf8 19. Be5 Red8 20. h4 Bd6 21.
Bd4 Qh6 22. Be4 Qxh4 23. f4 Bxe4 24. Qxe4 Qh5 25. Qc2 Bc5 26. Bxc5 Qxc5 27. Kf2
Rd6 28. Rd2 Rcd8 29. Rfd1 Qf5 30. Qc3 e5 31. Rxd6 Rxd6 32. Rxd6 cxd6 33. g3
Qxf6 34. Qa3 exf4 35. gxf4 a5 36. Qb3 Qd8 37. Qb5 Qc7 38. Qg5 Qc5 39. Qd8+ Kg7
40. a4 h6 41. Kf3 Kh7 42. Kf2 Qxc4 43. Qxd6 Qxa4 44. Qxb6 Qa2+ 45. Kg3 a4 46.
f5 gxf5 47. Qf6 Qe6 48. Qc3 Qd6+ 49. Kh3 a3 50. Qb3 Kg6 51. Qc4 Qe6 0-1

[Event "Sonderjysk EMT Mesterklassen 2012"]
[Site "Sonderborg"]
[Date "2012.02.21"]
[Round "4"]
[White "Andersen, Helge"]
[Black "Hye, Allan"]
[Result "0-1"]
[WhiteElo "2032"]
[BlackElo "2004"]
[PlyCount "76"]
[EventDate "2012.??.??"]

1. d4 Nf6 2. Nf3 g6 3. Bg5 Ne4 4. Bh4 Bg7 5. Nbd2 d5 6. e3 c5 7. c3 O-O 8. Nxe4
dxe4 9. Nd2 cxd4 10. cxd4 f5 11. Qb3+ Kh8 12. Bc4 Nc6 13. Qa3 a5 14. O-O Bd7
15. d5 Nb4 16. d6 Bf6 17. dxe7 Qxe7 18. Bxf6+ Qxf6 19. Rac1 Rfd8 20. Nb3 b5 21.
Be2 Nd3 22. Nxa5 b4 23. Qb3 Nxc1 24. Rxc1 Rxa5 25. Qxb4 Rxa2 26. Rb1 Raa8 27.
g3 Rab8 28. Qa3 h5 29. h4 Be6 30. b4 Rd2 31. Bf1 f4 32. exf4 Qd4 33. Qe3 Qxe3
34. fxe3 Rbd8 35. b5 Rd1 36. Rb4 Bh3 37. b6 R8d2 38. b7 Rxf1# 0-1

[Event "Sonderjysk EMT Mesterklassen 2012"]
[Site "Sonderborg"]
[Date "2012.02.21"]
[Round "4"]
[White "Clausen, Hansjorgen"]
[Black "Fyhn, Karsten"]
[Result "1-0"]
[WhiteElo "1661"]
[BlackElo "1800"]
[PlyCount "83"]
[EventDate "2012.??.??"]

1. d4 Nf6 2. Nf3 g6 3. c4 Bg7 4. Nc3 O-O 5. e4 d6 6. Be2 e5 7. dxe5 dxe5 8. O-O
Qe7 9. Qc2 c6 10. Bg5 h6 11. Bh4 g5 12. Bg3 Nbd7 13. h3 Nh5 14. Bh2 Nf4 15.
Rad1 Nc5 16. Bxf4 gxf4 17. b4 Ne6 18. c5 Nd4 19. Qd3 Rd8 20. Nb1 Be6 21. a3 Rd7
22. Nxd4 Rxd4 23. Qf3 Rad8 24. Rxd4 Rxd4 25. Rd1 Qd7 26. Rxd4 Qxd4 27. Qd3 Qxd3
28. Bxd3 f3 29. gxf3 Bxh3 30. Nd2 Be6 31. Bc4 Bxc4 32. Nxc4 f6 33. Na5 b6 34.
cxb6 axb6 35. Nxc6 Bf8 36. a4 Kf7 37. a5 bxa5 38. bxa5 Ke6 39. a6 Bc5 40. a7
Bxa7 41. Nxa7 f5 42. Nb5 1-0

[Event "Sonderjysk EMT Mesterklassen 2012"]
[Site "Sonderborg"]
[Date "2012.02.21"]
[Round "4"]
[White "Czepluch, Kim"]
[Black "Petersen, Erik Holm"]
[Result "1-0"]
[WhiteElo "1866"]
[BlackElo "1674"]
[PlyCount "81"]
[EventDate "2012.??.??"]

1. e4 e5 2. Bc4 d6 3. f4 Nf6 4. Nc3 Bg4 5. Nf3 Nbd7 6. d3 c6 7. h3 Bxf3 8. Qxf3
b5 9. Bb3 a5 10. a4 b4 11. Ne2 Nc5 12. Bc4 Be7 13. Be3 Ncd7 14. Ng3 g6 15. f5
Nb6 16. fxg6 fxg6 17. Bb3 d5 18. Bxb6 Qxb6 19. exd5 cxd5 20. O-O-O O-O-O 21.
Rde1 Rhf8 22. Rxe5 Nd7 23. Qg4 Bd6 24. Re2 Rf4 25. Qe6 Rf6 26. Qg4 Rf4 27. Qg5
Qd4 28. Rhe1 Rff8 29. Kb1 Bf4 30. Qg4 h5 31. Qxg6 Rf6 32. Nf5 Rxg6 33. Nxd4 Nc5
34. Ne6 Nxe6 35. Rxe6 Rxg2 36. Rf1 Bc7 37. Rf5 h4 38. Rh6 Bg3 39. Bxd5 Rh2 40.
Rh7 Re8 41. Be6+ 1-0

[Event "Sonderjysk EMT Mesterklassen 2012"]
[Site "Sonderborg"]
[Date "2012.02.21"]
[Round "4"]
[White "Nording, Jens"]
[Black "Bojsen, Bent"]
[Result "1-0"]
[WhiteElo "1991"]
[BlackElo "1794"]
[PlyCount "81"]
[EventDate "2012.??.??"]

1. d4 Nf6 2. Bg5 Ne4 3. Bh4 c5 4. dxc5 Qa5+ 5. c3 Qxc5 6. Nd2 Nf6 7. Ngf3 d6 8.
e4 Bg4 9. Be2 Nbd7 10. Qb3 Qc7 11. Ng5 Ne5 12. f4 h6 13. fxe5 hxg5 14. exf6 Be6
15. Qb5+ Bd7 16. Qxg5 exf6 17. Qf4 g5 18. Bxg5 fxg5 19. Qxg5 Be7 20. Qd5 Bh4+
21. Kd1 Ke7 22. Nf3 Be6 23. Qd2 Bf6 24. Nd4 Rag8 25. Bf3 Bd7 26. Kc2 b5 27.
Rad1 Be5 28. g3 b4 29. Kb1 bxc3 30. Qxc3 Qb6 31. Rd2 Rb8 32. Rc1 Rhc8 33. Qd3
Rxc1+ 34. Kxc1 Rc8+ 35. Kb1 Qc5 36. Ne2 Bb5 37. Qd5 Qf2 38. Nc3 Qxf3 39. Qxb5
Bxc3 40. Qb7+ Kf6 41. e5+ 1-0

[Event "Sonderjysk EMT Mesterklassen 2012"]
[Site "Sonderborg"]
[Date "2012.03.06"]
[Round "5"]
[White "Bojsen, Bent"]
[Black "Andersen, Helge"]
[Result "1-0"]
[WhiteElo "1794"]
[BlackElo "2032"]
[PlyCount "141"]
[EventDate "2012.??.??"]

1. e4 c5 2. Nf3 Nc6 3. d4 cxd4 4. Nxd4 e5 5. Nb5 a6 6. Nd6+ Bxd6 7. Qxd6 Qf6 8.
Qc7 Nge7 9. Nc3 O-O 10. Be3 d5 11. Bc5 Be6 12. exd5 Rfc8 13. Bxe7 Nxe7 14. Qb6
Rxc3 15. bxc3 Nxd5 16. Qxb7 Rd8 17. Bc4 Ne3 18. Bxe6 Nxc2+ 19. Ke2 Qxe6 20. Qe4
Nxa1 21. Rxa1 f5 22. Qa4 Rc8 23. Rc1 Rc4 24. Qb3 Qc6 25. f3 Kf7 26. Rd1 Ke7 27.
Qb8 Qc7 28. Qg8 Kf6 29. Qf8+ Kg5 30. Rd3 e4 31. f4+ Kxf4 32. Rd5 Qc8 33. g3+
Kg4 34. Qxg7+ Kh3 35. Qxh7+ Kg2 36. Rxf5 e3 37. Qh5 Qb7 38. Qf3+ Qxf3+ 39. Rxf3
Rxc3 40. Rxe3 Rc2+ 41. Kd3 Rc5 42. Re2+ Kf3 43. Rb2 Ra5 44. Kc4 Kg4 45. Kb3 Kh3
46. a4 Re5 47. Kb4 a5+ 48. Kc4 Re4+ 49. Kb5 Re5+ 50. Ka6 Rd5 51. Rb5 Rd4 52.
Kxa5 Kxh2 53. Rg5 Rd1 54. Ka6 Rb1 55. Rg8 Kg2 56. g4 Kf3 57. g5 Ke4 58. g6 Kf5
59. a5 Kf6 60. Ka7 Rb2 61. a6 Ra2 62. g7 Kf7 63. Rb8 Kxg7 64. Ka8 Kf6 65. a7
Ke7 66. Rb7+ Kd8 67. Kb8 Rc2 68. a8=Q Rc8+ 69. Ka7 Rxa8+ 70. Kxa8 Kc8 71. Ka7
1-0

[Event "Sonderjysk EMT Mesterklassen 2012"]
[Site "Sonderborg"]
[Date "2012.03.06"]
[Round "5"]
[White "Fyhn, Karsten"]
[Black "Czepluch, Kim"]
[Result "0-1"]
[WhiteElo "1800"]
[BlackElo "1866"]
[PlyCount "36"]
[EventDate "2012.??.??"]

1. e4 e5 2. Nf3 Nc6 3. Bb5 Bc5 4. O-O d6 5. h3 Nge7 6. c3 Bd7 7. d4 exd4 8.
cxd4 Bb6 9. Nc3 O-O 10. Re1 Ng6 11. Be3 Nh4 12. Nxh4 Qxh4 13. Qd2 h6 14. f3
Rad8 15. Bf2 Qh5 16. Nd5 Ba5 17. Nc3 Bxc3 18. bxc3 Qxb5 0-1

[Event "Sonderjysk EMT Mesterklassen 2012"]
[Site "Sonderborg"]
[Date "2012.03.06"]
[Round "5"]
[White "Hye, Allan"]
[Black "Clausen, Hansjorgen"]
[Result "1-0"]
[WhiteElo "2004"]
[BlackElo "1661"]
[PlyCount "53"]
[EventDate "2012.??.??"]

1. d4 Nf6 2. c4 b6 3. Nf3 Bb7 4. e3 e6 5. Bd3 d6 6. Nc3 Nbd7 7. O-O Be7 8. Bd2
c5 9. Rc1 Rc8 10. Qe2 O-O 11. Rfd1 d5 12. cxd5 Nxd5 13. e4 Nxc3 14. Bxc3 cxd4
15. Nxd4 Nc5 16. Bb1 Bg5 17. Nxe6 Qe7 18. Nxf8 Bxc1 19. Rxc1 Qxf8 20. Rd1 Qe7
21. Qg4 Ne6 22. h4 g6 23. a3 h5 24. Qg3 Rd8 25. Rxd8+ Qxd8 26. Qe5 Kh7 27. Ba2
1-0

[Event "Sonderjysk EMT Mesterklassen 2012"]
[Site "Sonderborg"]
[Date "2012.03.06"]
[Round "5"]
[White "Petersen, Erik Holm"]
[Black "Nording, Jens"]
[Result "0-1"]
[WhiteElo "1674"]
[BlackElo "1991"]
[PlyCount "84"]
[EventDate "2012.??.??"]

1. e4 e5 2. Nf3 Nc6 3. Bb5 d6 4. c3 Bd7 5. d3 g6 6. Be3 Bg7 7. O-O Nge7 8. Qc1
O-O 9. Bh6 Bg4 10. Bxg7 Kxg7 11. Nbd2 a6 12. Bc4 Na5 13. Bb3 Nxb3 14. axb3 h6
15. Kh1 Qc8 16. Ng1 Be6 17. c4 f5 18. f3 Nc6 19. Ne2 Qd7 20. Qc3 Kh7 21. d4
exd4 22. Nxd4 Ne5 23. Nxe6 Qxe6 24. Rae1 Rf7 25. h3 Raf8 26. f4 Nc6 27. e5 dxe5
28. fxe5 Rd8 29. Nf3 Rfd7 30. c5 Rd3 31. Qc4 Qxc4 32. bxc4 Nd4 33. e6 Nxf3 34.
gxf3 Kg7 35. b4 Kf6 36. b5 axb5 37. cxb5 Rc3 38. c6 bxc6 39. bxc6 Rxc6 40. Rc1
Rdd6 41. Rfe1 Rxc1 42. Rxc1 c6 0-1

[Event "Sonderjysk EMT Mesterklassen 2012"]
[Site "Sonderborg"]
[Date "2012.03.13"]
[Round "6"]
[White "Andersen, Helge"]
[Black "Petersen, Erik Holm"]
[Result "1-0"]
[WhiteElo "2032"]
[BlackElo "1674"]
[PlyCount "49"]
[EventDate "2012.??.??"]

1. d4 Nf6 2. Nf3 e6 3. Bg5 Be7 4. Nbd2 d5 5. e3 h6 6. Bxf6 Bxf6 7. Bd3 Nd7 8.
Qe2 c5 9. c3 c4 10. Bc2 Qc7 11. e4 O-O 12. e5 Be7 13. g4 Qb6 14. O-O-O a5 15.
g5 hxg5 16. Rdg1 a4 17. a3 Ra5 18. Nxg5 g6 19. Nxf7 Rxf7 20. Rxg6+ Kf8 21. Qg4
Ke8 22. Rxe6 Nf6 23. Rxe7+ Rxe7 24. Qxc8+ Qd8 25. Bg6+ 1-0

[Event "Sonderjysk EMT Mesterklassen 2012"]
[Site "Sonderborg"]
[Date "2012.02.29"]
[Round "6"]
[White "Clausen, Hansjorgen"]
[Black "Bojsen, Bent"]
[Result "0-1"]
[WhiteElo "1661"]
[BlackElo "1794"]
[PlyCount "92"]
[EventDate "2012.??.??"]

1. d4 Nf6 2. Nf3 d6 3. c4 c6 4. Nc3 Nbd7 5. e4 e5 6. dxe5 dxe5 7. Bg5 h6 8.
Bxf6 Qxf6 9. Be2 Be7 10. O-O O-O 11. Qc2 Nc5 12. b4 Ne6 13. a3 Nf4 14. Ne1 Rd8
15. Bf3 Be6 16. Ne2 Ng6 17. g3 Rd7 18. Bg2 Rad8 19. Nf3 Bg4 20. Nxe5 Qxe5 21.
f4 Qc7 22. Rad1 Rxd1 23. Rxd1 Rxd1+ 24. Qxd1 Qb6+ 25. c5 Qb5 26. Bf1 Qc4 27. e5
Qe4 28. Qd2 Bxe2 29. Bxe2 a5 30. Bf1 axb4 31. axb4 Nf8 32. h3 Ne6 33. Bg2 Qd4+
34. Qxd4 Nxd4 35. Bf1 Nc2 36. b5 Bxc5+ 37. Kh2 Be3 38. bxc6 bxc6 39. Bc4 Kf8
40. f5 Ke7 41. e6 fxe6 42. Bxe6 Nd4 43. Bc8 c5 44. g4 c4 45. Ba6 c3 46. Bd3 c2
0-1

[Event "Sonderjysk EMT Mesterklassen 2012"]
[Site "Sonderborg"]
[Date "2012.03.13"]
[Round "6"]
[White "Czepluch, Kim"]
[Black "Nording, Jens"]
[Result "1/2-1/2"]
[WhiteElo "1866"]
[BlackElo "1991"]
[PlyCount "55"]
[EventDate "2012.??.??"]

1. d4 d5 2. Nf3 Nf6 3. e3 Bg4 4. c4 e6 5. Nc3 c6 6. cxd5 exd5 7. Be2 Bd6 8. a3
a5 9. O-O O-O 10. Bd2 Nbd7 11. h3 Bh5 12. Nh4 Bxe2 13. Qxe2 Re8 14. Nf3 Ne4 15.
Nxe4 Rxe4 16. b4 axb4 17. Bxb4 Qc7 18. Ng5 Re7 19. Qc2 Nf6 20. Nf3 Ree8 21.
Rfb1 Reb8 22. Rb3 Bxb4 23. Rxb4 Ra7 24. a4 Nd7 25. Rab1 g6 26. h4 Kg7 27. g3
Ra6 28. Kg2 1/2-1/2

[Event "Sonderjysk EMT Mesterklassen 2012"]
[Site "Sonderborg"]
[Date "2012.03.13"]
[Round "6"]
[White "Fyhn, Karsten"]
[Black "Hye, Allan"]
[Result "0-1"]
[WhiteElo "1800"]
[BlackElo "2004"]
[PlyCount "86"]
[EventDate "2012.??.??"]

1. e4 c6 2. d4 d5 3. exd5 cxd5 4. c4 Nf6 5. Nc3 Nc6 6. Nf3 Bg4 7. cxd5 Nxd5 8.
Be2 e6 9. O-O Bd6 10. Nxd5 exd5 11. h3 Bh5 12. Qb3 O-O 13. Be3 Re8 14. Rfe1 Bc7
15. Rad1 Qd6 16. g3 Ba5 17. Bd2 Rxe2 18. Rxe2 Bxf3 19. Bf4 Qxf4 20. gxf4 Bxe2
21. Qxb7 Rb8 22. Qxc6 Bxd1 23. Qxd5 Bb6 24. Qe5 Rd8 25. d5 Ba4 26. f5 f6 27.
Qe6+ Kh8 28. d6 h6 29. b3 Bc6 30. Kh2 Bxf2 31. Qe7 Bb6 32. Kg3 Kh7 33. Qe6 Re8
34. Qc4 Re3+ 35. Kh2 Bd7 36. Qg4 Re5 37. Qc4 Bxf5 38. Qf7 Re2+ 39. Kg3 Rd2 40.
Qe7 Bc5 41. Qe1 Bf2+ 42. Qxf2 Rxf2 43. Kxf2 Bxh3 0-1

[Event "Sonderjysk EMT Mesterklassen 2012"]
[Site "Sonderborg"]
[Date "2012.03.20"]
[Round "7"]
[White "Bojsen, Bent"]
[Black "Fyhn, Karsten"]
[Result "0-1"]
[WhiteElo "1794"]
[BlackElo "1800"]
[PlyCount "78"]
[EventDate "2012.??.??"]

1. e4 e5 2. f4 exf4 3. Nf3 d6 4. d4 g5 5. Bc4 Nc6 6. O-O Bg4 7. c3 h6 8. Re1
Bg7 9. a4 Nge7 10. a5 O-O 11. b4 a6 12. Kh1 Qd7 13. b5 Na7 14. bxa6 bxa6 15. h4
Ng6 16. hxg5 hxg5 17. Qd3 Bxf3 18. Qxf3 g4 19. Qe2 Bf6 20. Rf1 Bg5 21. Kg1 Kg7
22. e5 dxe5 23. Ba3 Rfe8 24. d5 e4 25. Bxa6 f3 26. Qe1 Qxd5 27. c4 Qd4+ 28. Rf2
g3 29. Bb2 gxf2+ 30. Qxf2 Qxb2 31. Qxb2+ Bf6 32. Qb7 Bd4+ 33. Kf1 Rh8 34. gxf3
Nf4 35. Ke1 e3 36. c5 Rh1+ 37. Bf1 Rxf1+ 38. Kxf1 Rh8 39. Kg1 e2# 0-1

[Event "Sonderjysk EMT Mesterklassen 2012"]
[Site "Sonderborg"]
[Date "2012.03.20"]
[Round "7"]
[White "Hye, Allan"]
[Black "Czepluch, Kim"]
[Result "1-0"]
[WhiteElo "2004"]
[BlackElo "1866"]
[PlyCount "67"]
[EventDate "2012.??.??"]

1. d4 Nf6 2. Nf3 g6 3. c4 c5 4. d5 b5 5. cxb5 a6 6. bxa6 Bxa6 7. Nc3 d6 8. g3
Bg7 9. Bg2 O-O 10. O-O Nbd7 11. Rb1 Qc7 12. b3 Ng4 13. Bb2 Nge5 14. Nxe5 Nxe5
15. h3 Qa5 16. Qd2 Rfb8 17. Rfe1 c4 18. f4 cxb3 19. axb3 Nd7 20. Ne4 Qb6+ 21.
Kh2 Nc5 22. Nxc5 Qxc5 23. Bxg7 Kxg7 24. e4 Rb4 25. Rec1 Qd4 26. Qxd4+ Rxd4 27.
Ra1 Bb7 28. Rxa8 Bxa8 29. Rc4 Rxc4 30. bxc4 Bb7 31. Kg1 Kf6 32. Kf2 e5 33. dxe6
fxe6 34. e5+ 1-0

[Event "Sonderjysk EMT Mesterklassen 2012"]
[Site "Sonderborg"]
[Date "2012.03.20"]
[Round "7"]
[White "Nording, Jens"]
[Black "Andersen, Helge"]
[Result "1/2-1/2"]
[WhiteElo "1991"]
[BlackElo "2032"]
[PlyCount "135"]
[EventDate "2012.??.??"]

1. d4 Nf6 2. Bg5 e6 3. e4 Be7 4. Bd3 c5 5. dxc5 Qa5+ 6. Qd2 Qxc5 7. Be3 Qc6 8.
Qc3 O-O 9. Qxc6 Nxc6 10. c3 a6 11. f3 b5 12. Ne2 d5 13. Nd2 b4 14. cxb4 Ne5 15.
Bc2 Bxb4 16. O-O Rd8 17. Rfd1 Bb7 18. Bd4 Bxd2 19. Bxe5 Be3+ 20. Kf1 dxe4 21.
Rxd8+ Rxd8 22. Bxf6 gxf6 23. Bxe4 Bxe4 24. fxe4 Rd2 25. Rb1 Rc2 26. g4 Rc4 27.
Ng3 Bf4 28. Re1 Bxg3 29. hxg3 Kg7 30. Kf2 Kg6 31. b3 Rc2+ 32. Re2 Rc1 33. Kf3
Kg5 34. e5 Rc3+ 35. Re3 Rc2 36. a4 fxe5 37. Rxe5+ Kf6 38. Re3 Ke7 39. Rd3 e5
40. Ke3 Ke6 41. Kf3 h6 42. Ke3 a5 43. Kf3 f6 44. Re3 Rd2 45. Rc3 Kd5 46. Ke3
Rd4 47. Kf3 Rb4 48. Rd3+ Kc5 49. Rc3+ Kd4 50. Re3 Rb7 51. Re4+ Kc3 52. Re3+ Kc2
53. Ke4 Rxb3 54. Re2+ Kc3 55. Rh2 Kb4 56. Rxh6 Rxg3 57. Rxf6 Rxg4+ 58. Ke3 Kxa4
59. Re6 e4 60. Kd2 Ka3 61. Kc2 a4 62. Kb1 Rg1+ 63. Kc2 Re1 64. Kd2 Rh1 65. Rxe4
Kb3 66. Re8 a3 67. Rb8+ Ka2 68. Kc2 1/2-1/2

[Event "Sonderjysk EMT Mesterklassen 2012"]
[Site "Sonderborg"]
[Date "2012.03.20"]
[Round "7"]
[White "Petersen, Erik Holm"]
[Black "Clausen, Hansjorgen"]
[Result "1-0"]
[WhiteElo "1674"]
[BlackElo "1661"]
[PlyCount "135"]
[EventDate "2012.??.??"]

1. e4 b6 2. Nf3 Bb7 3. Nc3 e6 4. d4 Bb4 5. Bd3 Nf6 6. Bg5 h6 7. Bxf6 Qxf6 8. a3
Bxc3+ 9. bxc3 d6 10. O-O O-O 11. Re1 Nd7 12. Re3 e5 13. d5 Nc5 14. c4 Bc8 15.
Nd2 Qf4 16. Rg3 f5 17. Rf3 Qg5 18. Rg3 Qf6 19. exf5 Bxf5 20. Rf3 Qg5 21. Rg3
Qh4 22. Bxf5 Rxf5 23. Qe2 Qd4 24. Rd1 Raf8 25. Rf3 Rxf3 26. Nxf3 Qg4 27. Nd4
Qxe2 28. Nxe2 a5 29. f3 e4 30. fxe4 Nxe4 31. Nd4 Nc3 32. Rd3 Rf4 33. Rxc3 Rxd4
34. Kf2 Rd2+ 35. Kf3 Kf7 36. h3 Kf6 37. g4 g5 38. Ke3 Rd1 39. Rd3 Rf1 40. Kd4
Rf4+ 41. Kc3 Ke5 42. Re3+ Kf6 43. Kb3 Kf7 44. Rc3 Re4 45. Ka4 Ke7 46. Kb5 Kd7
47. Rf3 Rf4 48. Re3 Rf7 49. Re6 Rf2 50. Rxh6 Rxc2 51. Rh7+ Kd8 52. Rg7 Rc3 53.
Rxg5 Rxh3 54. Rg8+ Kd7 55. Rg7+ Kd8 56. Kc6 Rc3 57. Rd7+ Ke8 58. Rxc7 Rxc4+ 59.
Kxd6 Rxg4 60. Kc6 b5 61. Rc8+ Kf7 62. Kxb5 Rd4 63. Rc5 Rd3 64. a4 Ke7 65. Kxa5
Kd6 66. Kb6 Ra3 67. a5 Ra1 68. Rb5 1-0